Responses for Show #8971 - Monday, November 13, 2023

2023 Champions Wildcard Clubs quarterfinal game 3.

Contestants

[<< previous game]

Fred Nelson, a university professor from Fresno, California

Stuart Crane, a product line manager from Calispell, Montana

Emily Fiasco, a middle school band director from Saint Louis, Missouri

[next game &gt;&gt;]

Jeopardy! Round responses

THE AUTO MAN EMPIRE
SONGS IN MUSICALS
OLD NAMES FOR MEDICAL CONDITIONS
DESCRIBING THE ARTWORK
DOGS & CATS LIVING TOGETHER
LETTER & WORD
    $200 28
Henry Ford

Stuart
    $200 2
Cats

Emily
    $200 30
consumption

Emily
    $200 17
George Washington

Stuart
    $200 10
(Emily: What is kitty litter?)
(Ken: [Unsure] Yes--no, sorry.)
(Emily: Cat litter?)
...
(Ken: Yes, they can be trained to use the box.)

a litter box

EmilyStuart
    $200 29
(Emily: Bring it.)

D-Day

Emily
    $400 8
Chrysler

Fred
    $400 6
Fiddler on the Roof

Stuart
    $400 24
mononucleosis

Emily
    $400 18
Adam

Stuart
    $400 12
carnivores

Emily
    $400 14
(Fred: What's a G?)
(Stuart: What's a G for gravity?)

a g-force

EmilyStuartFred
    $600 7
(Fred: What is Dodge?)
(Stuart: What is Rolls?)
(Ken: Also--)
(Stuart: Royce.)
(Ken: No--yes, you got it in time.)

Rolls Royce

StuartFred
    $600 3
Grease

Emily
    $600 1
epilepsy

Fred
    $600 19
Whistler's Mother

Emily
    $600 15
a Labrador Retriever

Fred
    $600 11
O positive

Fred
    $800 9
(Stuart: Who is Pontiac?)

Louis Chevrolet

Stuart
Triple Stumper
    $800 4
Dirty Dancing

Fred
    $800 13
the grippe

Stuart
    $3,000 21
(Ken: Correct, Gainsborough's [*].)

The Blue Boy

Stuart
    $800 16
Collies

Stuart
    $800 20
a B picture (B movie)

Stuart
    $1000 27
(Ken: Still on [*]s today.)

Ferrari

Fred
    $1000 5
A Chorus Line

Fred
    $1000 25
writer's cramp

Triple Stumper
    $1000 22
the Kingdom

Fred
    $1000 23
a Jack Russell Terrier

Emily
    $1000 26
the G String

Fred

Scores at the first commercial break (after clue 15):

Emily Stuart Fred
$1,400 $800 $3,000

Scores at the end of the Jeopardy! Round:

Emily Stuart Fred
$3,800 $6,200 $6,000

Double Jeopardy! Round responses

THE OTTOMAN EMPIRE
WHOSE LINE IS IT ANYWAY?
(Ken: You will name the actor.)
CITY MUSEUMS
SAY CHEESE!
LIFE SCIENCE
FROM THE ITALIAN
    $400 25
Suleiman

Stuart
    $400 3
Marilyn Monroe

Fred
    $400 6
Washington, D.C.

Fred
    $400 8
(Stuart: What is Roma?)

Romano

EmilyStuart
    $400 10
a fruit

Triple Stumper
    $400 29
(Emily: Bring it!)
(Ken: Nice, nicely delivered.)

incognito

Emily
    $800 24
Greece

Triple Stumper
    $800 4
(Ken: Right, from Gone with the Wind; problematic.)

Clark Gable

Emily
    $800 5
San Francisco

Fred
    $800 18
gouda

Fred
    $800 11
a mutation

Stuart
    $800 22
(Ken: That's where we get the word [*], like confections.)

confetti

Triple Stumper
    $1200 20
Atatürk

Emily
    $1200 15
Edward G. Robinson

Fred
    $1200 1
Pittsburgh

Emily
    $1200 19
Muenster

Emily
    $1200 12
mimicry

Fred
    $1200 9
a cameo

Fred
    $1600 21
Anatolia

Stuart
    $5,000 16
(Ken: In Psycho.)

Anthony Perkins

Fred
    $1600 2
Baltimore

Fred
    $10,200 23
Denmark

Stuart
    $1600 13
(Fred: What is, uh... blood?)
...
(Ken: They are red blood cells, but the protein they carry is [*].)

hemoglobin

Fred
Triple Stumper
    $1600 30
a bordello

Stuart
    $2000 26
Janissary

Emily
    $2000 17
Peter O'Toole

Fred
    $2000 7
Seattle

Stuart
    $2000 28
(Stuart: What is Jarlsberg?)

Gruyère

Stuart
Triple Stumper
    $2000 14
a phage

Fred
    $2000 27
piano

Fred

Scores at the end of the Double Jeopardy! Round:

Emily Stuart Fred
$11,000 $20,400 $23,000

[wagering suggestions for these scores]

Final Jeopardy! Round responses

ICONIC BRANDS
EmilyWhat is Coca Cola?
$4,347
StuartWhat is coca-cola?
$20,400
FredWhat is Coca-Cola?
$17,801
Coca-Cola

Final scores:

Emily Stuart Fred
$15,347 $40,800 $40,801
3rd place: $5,000 2nd place: $5,000 Winner: semifinalist

Game dynamics:

Coryat scores:

Emily Stuart Fred
$11,000 $9,600 $19,600
16 R,
1 W
16 R
(including 2 DDs),
4 W
21 R
(including 1 DD),
3 W

Combined Coryat: $40,200

[game clues] [game scores] [suggest correction]

Game tape date: 2023-10-17
The J! Archive is created by fans, for fans. Scraping, republication, monetization, and malicious use prohibited; this site may use cookies and collect identifying information. See terms. The Jeopardy! game show and all elements thereof, including but not limited to copyright and trademark thereto, are the property of Jeopardy Productions, Inc. and are protected under law. This website is not affiliated with, sponsored by, or operated by Jeopardy Productions, Inc. Join the discussion at JBoard.tv.